00000000cam 2200000zi 4500
0019.954728
003CaOODSP
00520260604112232
006m     o  d f      
007cr cn|||||||||
008250903e202509##onc     o    f000 0 fre d
020 |a9780660787541
040 |aCaOODSP|bfre|erda|cCaOODSP
043 |an-cn---
045 |ay2y2
0861 |aP114-40/2025F-PDF
24500|aRapport de suivi de l'examen des pratiques d'approvisionnement 2021-2022 du Service correctionnel du Canada / |cBureau de l'ombud de l'approvisionnement.
264 1|aOttawa, ON : |bGouvernement du Canada, Bureau de l'ombud de l'approvisionnement = Government of Canada, Office of the Procurement Ombud, |cseptembre 2025.
300 |a1 ressource en ligne (28 pages)
336 |atexte|btxt|2rdacontent/fre
337 |ainformatique|bc|2rdamedia/fre
338 |aressource en ligne|bcr|2rdacarrier/fre
500 |aPublié aussi en anglais sous le titre : Follow-up report to the 2021-2022 procurement practice review of the Correctional Service of Canada.
61026|aService correctionnel Canada|xApprovisionnement|xÉvaluation.
7101 |aCanada. |bBureau de l'ombud de l'approvisionnement, |eorganisme de publication.
77508|tFollow-up report to the 2021-2022 procurement practice review of the Correctional Service of Canada / |w(CaOODSP)9.954729
85640|qPDF|s663 Ko|uhttps://publications.gc.ca/collections/collection_2026/spac-pspc/P114-40-2025-fra.pdf
8564 |qHTML|sS.O.|uhttps://opo-boa.gc.ca/praapp-prorev/2025/suivi-followup-scc-csc-fra.html